Statistics for New York Giants Head Coaches by Picture

Click here to take the quiz!

General Stats

  • This quiz has been taken 22 times
  • The average score is 6 of 21

Answer Stats

Answer% Correct
Brian Daboll
90%
Tom Coughlin
81%
Bill Parcells
71%
Joe Judge
62%
Ben McAdoo
48%
Pat Shurmur
48%
Dan Reeves
33%
Steve Spagnuolo
33%
Jim Fassel
29%
Steve Owen
19%
Ray Handley
14%
Ray Perkins
14%
Allie Sherman
10%
Bill Arnsparger
10%
Jim Lee Howell
10%
Alex Webster
5%
John McVay
5%
Benny Friedman
0%
Bob Folwell
0%
Doc Alexander
0%
Earl Potteiger
0%

Score Distribution

Percentile by Number Answered

Percent of People with Each Score

Your Score History

You have not taken this quiz